Jogos da Seleção do Paraguai em Copas do Mundo da FIFA - Statistics

Estatísticas Gerais
  • Esse quiz foi jogado 31 vezes
  • A pontuação média é 22 de 27
Estatísticas das Respostas
Resultado Adversário % Correto
França 1998 0-0 Espanha
100%
Coreia do Sul / Japão 2002 1-3 Espanha
100%
África do Sul 2010 0-1 Espanha
100%
Brasil 1950 0-2 Itália
95%
África do Sul 2010 1-1 Itália
95%
África do Sul 2010 0-0 (5-3 pen) Japão
95%
Uruguai 1930 0-3 Estados Unidos
89%
México 1986 1-1 México
89%
Brasil 1950 2-2 Suécia
89%
Alemanha 2006 0-1 Suécia
89%
Coreia do Sul / Japão 2002 0-1 Alemanha
84%
Suécia 1958 3-7 França
84%
França 1998 0-1 França
84%
França 1998 3-1 Nigéria
84%
Coreia do Sul / Japão 2002 2-2 África do Sul
79%
Uruguai 1930 1-0 Bélgica
79%
México 1986 2-2 Bélgica
79%
México 1986 0-3 Inglaterra
79%
Alemanha 2006 0-1 Inglaterra
79%
África do Sul 2010 0-0 Nova Zelândia
79%
França 1998 0-0 Bulgária
68%
Suécia 1958 3-2 Escócia
68%
África do Sul 2010 2-0 Eslováquia
68%
Suécia 1958 3-3 Iugoslávia
63%
Coreia do Sul / Japão 2002 3-1 Eslovênia
53%
México 1986 1-0 Iraque
53%
Alemanha 2006 2-0 Trinidad e Tobago
47%
Nenhum quiz correspondente encontrado
Distribuição das Pontuações
Porcentagem de Pessoas com Cada Pontuação
Percentil de Números Respondidos
Sua Pontuação Histórica
Você não jogou esse quiz